Countries of the World Quiz by ISO 3166-1 alpha-2 - Statistics

General Stats
  • This quiz has been taken 31 times
  • The average score is 138 of 196
Answers on the Map
Answers color-coded by a green-red scale on the quiz's map according to % correct below.
 
Answer Stats
Country % Correct
br
95%
ca
90%
mx
90%
us
90%
ad
85%
af
85%
al
85%
ar
85%
at
85%
au
85%
ba
85%
bo
85%
ch
85%
co
85%
cr
85%
de
85%
fi
85%
gr
85%
ie
85%
in
85%
is
85%
it
85%
lu
85%
ma
85%
mg
85%
no
85%
se
85%
ua
85%
ag
80%
am
80%
be
80%
bs
80%
bt
80%
cl
80%
cu
80%
cz
80%
dk
80%
eg
80%
er
80%
es
80%
et
80%
fr
80%
hu
80%
il
80%
ir
80%
ja
80%
li
80%
me
80%
ml
80%
mz
80%
ne
80%
ni
80%
nl
80%
nz
80%
pe
80%
pl
80%
pt
80%
ru
80%
ae
75%
az
75%
bb
75%
bg
75%
bi
75%
bn
75%
bw
75%
ci
75%
cn
75%
ec
75%
gb
75%
ge
75%
gh
75%
gy
75%
id
75%
kr
75%
kz
75%
la
75%
lb
75%
ls
75%
lt
75%
ly
75%
md
75%
mn
75%
mv
75%
my
75%
ng
75%
np
75%
pa
75%
pg
75%
pk
75%
py
75%
qa
75%
ro
75%
sa
75%
sb
75%
sl
75%
so
75%
sr
75%
th
75%
tr
75%
ye
75%
bd
70%
bf
70%
bh
70%
bz
70%
do
70%
gt
70%
hr
70%
iq
70%
jo
70%
ke
70%
lv
70%
mc
70%
mr
70%
mt
70%
mu
70%
na
70%
om
70%
ph
70%
si
70%
sk
70%
sn
70%
tj
70%
tm
70%
tw
70%
ug
70%
uy
70%
ve
70%
vn
70%
ao
65%
by
65%
cd
65%
cg
65%
cm
65%
cv
65%
cy
65%
dj
65%
dm
65%
ee
65%
ga
65%
gn
65%
hn
65%
ht
65%
jm
65%
kg
65%
kh
65%
ki
65%
kw
65%
lr
65%
mm
65%
mw
65%
sm
65%
st
65%
sv
65%
sy
65%
tn
65%
uz
65%
gm
60%
kn
60%
lc
60%
rw
60%
sd
60%
ss
60%
tg
60%
to
60%
tt
60%
tz
60%
va
60%
za
60%
cf
55%
dz
55%
fj
55%
gd
55%
lk
55%
mk
55%
nr
55%
rs
55%
sc
55%
sg
55%
tl
55%
tv
55%
vu
55%
km
50%
kp
50%
mh
50%
pw
50%
sz
50%
td
50%
zw
50%
bj
45%
vc
45%
ws
45%
zm
45%
fm
40%
gq
40%
gw
35%
xk
30%
No matching quizzes found
Score Distribution
Percent of People with Each Score
Percentile by Number Answered
Your Score History
You have not taken this quiz